| 000 | 00991nam a22002897a 4500 | ||
|---|---|---|---|
| 005 | 20150328144308.0 | ||
| 008 | 141022t2014 enkadk frbd 001 0 eng d | ||
| 020 | _a9781292027814 | ||
| 040 | _aEG-ScBUE | ||
| 082 | 0 | 0 |
_222 _a610.727 _bPOL |
| 100 | 1 |
_aPolit, Denise F. _936301 |
|
| 245 | 1 | 0 |
_aStatistics and data analysis for nursing research / _cDenise F. Polit. |
| 250 | _a2nd ed., Pearson new international ed. | ||
| 260 |
_aHarlow : _bPearson Education Limited, _cc.2014. |
||
| 300 |
_all, 445 p. : _bcharts, forms, tables ; _c28 cm. |
||
| 490 | 0 | _aAlways Learning | |
| 500 | _aInclude glossary. | ||
| 500 | _aIndex : p. 439-445. | ||
| 500 | _aIncludes appendixes. | ||
| 504 | _aInclude bibliographical reference. | ||
| 650 | 0 |
_aNursing _xResearch _xStatistical methods. _936302 |
|
| 650 | 1 | 0 |
_aNursing Research _xmethods. _936303 |
| 650 | 1 | 0 |
_aStatistics as Topic. _936304 |
| 653 |
_bNNUR _cOctober2014 _cMarch2015 |
||
| 655 |
_vreading book _934232 |
||
| 942 |
_2ddc _k610.727 POL |
||
| 999 |
_c18488 _d18460 |
||